Computer Aided Drafting Using Autocad (Record no. 3374)

MARC details
000 -LEADER
fixed length control field 00358nam a22001337a 4500
008 - FIXED-LENGTH DATA ELEMENTS--GENERAL INFORMATION
fixed length control field 250508b |||||||| |||| 00| 0 eng d
020 ## - INTERNATIONAL STANDARD BOOK NUMBER
ISBN 9789350145777
100 ## - MAIN ENTRY--AUTHOR
Author Gill Singh Pritam
245 ## - TITLE STATEMENT
Title Computer Aided Drafting Using Autocad
260 ## - PUBLICATION, DISTRIBUTION, ETC. (IMPRINT)
Place of publication New Delhi
Name of publisher S.K. Kataria And Sons Publisher
Date of publication 2014
300 ## - COLLATION
Pagination 944p.
942 ## - ADDED ENTRY ELEMENTS (KOHA)
Item type Books
050 ## - LIBRARY OF CONGRESS CALL NUMBER
Classification number T 385
Item number .G55
Holdings
Source of classification or shelving scheme Not for loan Permanent location Current location Date acquired Accession No. Full call number Barcode. Koha item type
Library of Congress Classification   Samuel Ogbemudia Main Library, University of Abuja Environmental Sciences Library 05/08/2025 2019/56277 T 385 .G55 2025-1840 Books
Library of Congress Classification   Samuel Ogbemudia Main Library, University of Abuja Environmental Sciences Library 05/08/2025 2019/56277 T 385 .G55 2025-1841 Books